[Event "PRO League Stage"]
[Site "Chess.com INT"]
[Date "2017.02.22"]
[Round "7"]
[White "Mamedyarov, Shakhriyar"]
[Black "So, Wesley"]
[Result "1-0"]
[WhiteElo "2766"]
[BlackElo "2808"]
[PlyCount "149"]
[EventDate "2017.01.11"]
[EventType "team-swiss (rapid)"]
[EventRounds "7"]
[EventCountry "USA"]
[SourceTitle "EXT 2018"]
[Source "ChessBase"]
[SourceDate "2017.10.13"]
[SourceVersion "1"]
[SourceVersionDate "2017.10.13"]
[SourceQuality "1"]
[WhiteTeam "San Jose Hackers"]
[BlackTeam "St Louis Arch Bishops"]
[WhiteTeamCountry "USA"]
[BlackTeamCountry "USA"]

1. d4 Nf6 2. c4 e6 3. Nc3 Bb4 4. f3 c5 5. d5 O-O 6. e4 d6 7. Bd3 b5 8. Nge2
bxc4 9. Bxc4 exd5 10. Bxd5 Nxd5 11. Qxd5 Qb6 12. Bf4 Be6 13. Qxa8 Nc6 14. Qxf8+
Kxf8 15. Bxd6+ Kg8 16. O-O-O Na5 17. Nd5 Bxd5 18. Rxd5 Nc4 19. Bf4 h6 20. b3
Qa6 21. bxc4 Qxa2 22. Ng3 a5 23. Bd2 a4 24. Kd1 Qxc4 25. Ke1 a3 26. Kf2 a2 27.
Ne2 Qc2 28. Be3 c4 29. Bd4 Qb1 30. Rf1 c3 31. Rd8+ Kh7 32. Ra8 c2 33. Nc1 Bc5
34. Bxc5 a1=Q 35. Rxa1 Qxa1 36. Be3 Qe5 37. h3 f5 38. exf5 Qxf5 39. Ne2 Qf6 40.
Rc1 Qh4+ 41. Kf1 Qc4 42. Ke1 Qb4+ 43. Kf2 Qh4+ 44. Kf1 Qc4 45. f4 Qe4 46. Kf2
g5 47. g3 gxf4 48. gxf4 Qf5 49. Nd4 Qxh3 50. Rxc2 Qh2+ 51. Kf3 Qh1+ 52. Kg3 Qe4
53. Rc3 h5 54. Nf3 Kg7 55. Bd4+ Kf8 56. Be5 Qg6+ 57. Ng5 Qf5 58. Nh7+ Kf7 59.
Nf6 Kg6 60. Kh4 Qb1 61. Rg3+ Kf5 62. Rg5+ Ke6 63. Kxh5 Kf7 64. Kh6 Qh1+ 65. Nh5
Qe4 66. Rg7+ Ke6 67. Rg6+ Kf7 68. Rf6+ Ke7 69. Ng3 Qg2 70. f5 Qd5 71. Re6+ Kf7
72. Nh5 Qf3 73. Rg6 Qe3+ 74. Bf4 Qe4 75. Rg7+ 1-0

[Event "PRO League Stage"]
[Site "Chess.com INT"]
[Date "2017.02.22"]
[Round "7"]
[White "So, Wesley"]
[Black "Chirila, Ioan Cristian"]
[Result "1-0"]
[WhiteElo "2808"]
[BlackElo "2533"]
[PlyCount "145"]
[EventDate "2017.01.11"]
[EventType "team-swiss (rapid)"]
[EventRounds "7"]
[EventCountry "USA"]
[SourceTitle "EXT 2018"]
[Source "ChessBase"]
[SourceDate "2017.10.13"]
[SourceVersion "1"]
[SourceVersionDate "2017.10.13"]
[SourceQuality "1"]
[WhiteTeam "St Louis Arch Bishops"]
[BlackTeam "San Jose Hackers"]
[WhiteTeamCountry "USA"]
[BlackTeamCountry "USA"]

1. Nf3 Nf6 2. c4 g6 3. Nc3 d5 4. cxd5 Nxd5 5. h4 Bg7 6. e4 Nxc3 7. dxc3 O-O 8.
h5 Bg4 9. hxg6 Qxd1+ 10. Kxd1 hxg6 11. Kc2 Nd7 12. Ng5 Nc5 13. Be3 b6 14. Rh4
Bd7 15. Bc4 Ne6 16. Bxe6 Bxe6 17. Nxe6 fxe6 18. Rah1 Rad8 19. Rg4 Kf7 20. Rh3
e5 21. a4 Rh8 22. Rgh4 Rxh4 23. Rxh4 Bf6 24. Rh1 Ke6 25. a5 Rh8 26. Rd1 g5 27.
g4 Rb8 28. c4 Kf7 29. Kc3 Ke8 30. b4 Rd8 31. Rxd8+ Kxd8 32. b5 Kc8 33. c5 Kb7
34. Kc4 e6 35. Bd2 Be7 36. Bb4 Bf6 37. f3 Kc8 38. a6 Kd7 39. Bd2 Be7 40. Be3
bxc5 41. Bd2 Kc8 42. Bc3 Bd6 43. Be1 Kd7 44. Ba5 Kc8 45. Kd3 Be7 46. Kc3 Kd7
47. b6 cxb6 48. Bxb6 Kc6 49. Bxa7 Kb5 50. Bb8 Kxa6 51. Kc4 Kb7 52. Bxe5 Kc6 53.
Bg3 Bf6 54. Bf2 Be7 55. Be3 e5 56. Bd2 Bd8 57. Be1 Bf6 58. Bf2 Be7 59. Be3 Bf6
60. Bxc5 Bd8 61. Bb4 Bf6 62. Bf8 Bd8 63. Bg7 Kd6 64. Kb5 Ke6 65. Bf8 Kf7 66.
Bc5 Ke6 67. Kc6 Ba5 68. Be3 Bd8 69. Bb6 Be7 70. Bc5 Bd8 71. Be3 Be7 72. Kc7 Bf6
73. Bc5 1-0

[Event "Tata Steel-A 79th"]
[Site "Wijk aan Zee"]
[Date "2017.01.15"]
[Round "2"]
[White "Giri, Anish"]
[Black "So, Wesley"]
[Result "1/2-1/2"]
[WhiteElo "2773"]
[BlackElo "2808"]
[PlyCount "85"]
[EventDate "2017.01.14"]
[EventType "tourn"]
[EventRounds "13"]
[EventCountry "NED"]
[EventCategory "21"]
[SourceTitle "CBM 177"]
[Source "ChessBase"]
[SourceDate "2017.03.16"]
[SourceVersion "1"]
[SourceVersionDate "2017.03.16"]
[SourceQuality "1"]
[TimeControl "40/6000+30:20/3000+30:900+30"]

1. Nf3 {[%emt 0:00:00]} d5 {[%emt 0:00:17]} 2. g3 {[%emt 0:00:00]} g6 {[%emt 0:
01:59]} 3. Bg2 {[%emt 0:00:00]} Bg7 {[%emt 0:00:05]} 4. d4 {[%emt 0:00:00]} Nf6
{[%emt 0:00:07]} 5. O-O {[%emt 0:00:00]} O-O {[%emt 0:00:05]} 6. c4 {[%emt 0:
00:00]} c6 {[%emt 0:02:31]} 7. Qb3 {[%emt 0:00:25]} Qb6 {[%emt 0:04:36]} 8. Nc3
{[%emt 0:00:14]} Rd8 {[%emt 0:00:06]} 9. Bd2 {[%emt 0:00:10]} Be6 $146 {
[%emt 0:09:30]} (9... Bf5 10. Na4 Qxb3 11. axb3 Nbd7 12. Rfc1 Be4 13. Be1 Ne8
14. e3 Nd6 15. Bb4 a5 16. Be1 e6 17. Ra2 b5 18. cxb5 cxb5 19. Nc5 Nxc5 20. dxc5
Rdc8 21. Bd2 Nf5 22. Bxa5 b4 23. c6 Ne7 24. c7 Bf6 25. Rca1 Ra7 26. Nd4 Bxd4
27. exd4 Bxg2 28. Kxg2 Rb7 29. Rc1 Nf5 30. Ra4 Kf8 31. Rxb4 Rxb4 32. Bxb4+ Ke8
33. Bc5 Rxc7 34. Ra1 Kd7 35. b4 Nd6 36. b3 f6 37. Ra6 Rc6 38. Ra7+ Rc7 39. Ra6
{Chandra,A (2464)-Zierk,S (2488) Saint Louis 2016 1/2-1/2 (76)}) 10. Na4 {
[%emt 0:00:40]} Qxb3 {[%emt 0:08:15]} 11. axb3 {[%emt 0:00:25]} Nbd7 {[%emt 0:
00:06]} 12. Rfc1 {[%emt 0:00:37]} Ne4 {[%emt 0:02:02]} 13. Ba5 {[%emt 0:09:28]}
b6 {[%emt 0:17:39]} 14. Be1 {[%emt 0:04:48]} Rac8 {[%emt 0:01:35]} 15. cxd5 {
[%emt 0:19:13]} Bxd5 {[%emt 0:05:28]} 16. b4 {[%emt 0:01:46]} e5 {[%emt 0:15:
31]} 17. Nxe5 {[%emt 0:04:36]} Nxe5 {[%emt 0:00:16]} 18. dxe5 {[%emt 0:00:07]}
Bxe5 {[%emt 0:00:06]} 19. Bxe4 {[%emt 0:07:31]} Bxe4 {[%emt 0:00:05]} 20. Nc3 {
[%emt 0:00:07]} Bd5 {[%emt 0:10:27]} 21. Rxa7 {[%emt 0:01:06]} Bc4 {[%emt 0:02:
33]} 22. Na4 {[%emt 0:20:57]} Bxe2 {[%emt 0:00:17]} 23. Nxb6 {[%emt 0:06:35]}
Rc7 {[%emt 0:00:27]} 24. Ra2 {[%emt 0:02:53]} Bd4 {[%emt 0:05:34]} 25. Na4 {
[%emt 0:04:03]} Ra7 {[%emt 0:07:23]} 26. b3 {[%emt 0:08:49]} Bb5 {[%emt 0:00:
11]} 27. Rd2 {[%emt 0:02:20]} Rad7 {[%emt 0:05:15]} 28. Rcd1 {[%emt 0:00:41]}
Rd6 {[%emt 0:03:37]} 29. Kg2 {[%emt 0:00:54]} Be5 {[%emt 0:00:39]} 30. Rxd6 {
[%emt 0:01:10]} Rxd6 {[%emt 0:00:06]} 31. Rc1 {[%emt 0:01:41]} Rd8 {[%emt 0:02:
01]} 32. Nc5 {[%emt 0:01:25]} Bb2 {[%emt 0:02:14]} 33. Rc2 {[%emt 0:01:42]} Bd4
{[%emt 0:01:23]} 34. Bd2 {[%emt 0:01:33]} Bxc5 {[%emt 0:01:12]} 35. bxc5 {
[%emt 0:00:21]} f6 {[%emt 0:00:01]} 36. h4 {[%emt 0:04:23]} Rd3 {[%emt 0:00:35]
} 37. Rb2 {[%emt 0:00:54]} Kf7 {[%emt 0:00:40]} 38. g4 {[%emt 0:00:28]} h5 {
[%emt 0:00:21]} 39. gxh5 {[%emt 0:02:24]} gxh5 {[%emt 0:00:04]} 40. Be3 {
[%emt 0:00:00]} Kg6 {[%emt 0:01:12]} 41. Rb1 {[%emt 0:02:15]} Rc3 {[%emt 0:01:
15]} 42. b4 {[%emt 0:00:29]} Rc4 {[%emt 0:00:10]} 43. Kh3 {[%emt 0:00:34]}
1/2-1/2

[Event "Tata Steel-A 79th"]
[Site "Wijk aan Zee"]
[Date "2017.01.17"]
[Round "4"]
[White "Van Wely, Loek"]
[Black "So, Wesley"]
[Result "0-1"]
[WhiteElo "2695"]
[BlackElo "2808"]
[PlyCount "86"]
[EventDate "2017.01.14"]
[EventType "tourn"]
[EventRounds "13"]
[EventCountry "NED"]
[EventCategory "21"]
[SourceTitle "CBM 177"]
[Source "ChessBase"]
[SourceDate "2017.03.16"]
[SourceVersion "1"]
[SourceVersionDate "2017.03.16"]
[SourceQuality "1"]
[TimeControl "40/6000+30:20/3000+30:900+30"]

1. Nf3 {[%emt 0:00:00]} d5 {[%emt 0:00:19]} 2. g3 {[%emt 0:00:00]} Bg4 {
[%emt 0:00:54]} 3. Bg2 {[%emt 0:00:00]} c6 {[%emt 0:00:04]} 4. c4 {[%emt 0:02:
52]} e6 {[%emt 0:00:23]} 5. O-O {[%emt 0:00:41]} Nf6 {[%emt 0:02:14]} 6. d3 {
[%emt 0:01:15]} Bd6 {[%emt 0:11:15]} 7. Nc3 {[%emt 0:11:02]} O-O {[%emt 0:13:
23]} 8. Qb3 {[%emt 0:05:44]} Qb6 {[%emt 0:00:12]} 9. cxd5 $146 {[%emt 0:09:33]}
(9. Be3 Qxb3 10. axb3 a6 11. Nd2 Nbd7 12. h3 Bf5 13. g4 Bg6 14. f4 h6 15. Ra4 {
1/2-1/2 (15) Gonda,L (2563)-Varga,Z (2464) Balatonboglar 2014}) 9... Qxb3 {
[%emt 0:03:47]} 10. axb3 {[%emt 0:00:15]} exd5 {[%emt 0:01:41]} 11. Be3 {
[%emt 0:06:52]} a6 {[%emt 0:08:36]} 12. h3 {[%emt 0:02:13]} Bxf3 {[%emt 0:03:
08]} 13. Bxf3 {[%emt 0:00:09]} Nbd7 {[%emt 0:00:04]} 14. d4 {[%emt 0:10:58]}
Rfe8 {[%emt 0:05:42]} 15. Kg2 {[%emt 0:03:41]} g6 {[%emt 0:06:47]} 16. Bh6 {
[%emt 0:02:46]} Ne4 {[%emt 0:06:26]} 17. Rad1 {[%emt 0:04:54]} f5 {[%emt 0:02:
13]} 18. h4 {[%emt 0:02:20]} Ndf6 {[%emt 0:06:17]} 19. e3 {[%emt 0:09:45]} a5 {
[%emt 0:10:59]} 20. Rh1 {[%emt 0:07:44]} Ra6 {[%emt 0:06:17]} 21. Ra1 {[%emt 0:
09:22]} Rea8 {[%emt 0:00:17]} 22. Nxe4 {[%emt 0:12:01]} Nxe4 {[%emt 0:00:05]}
23. Bxe4 {[%emt 0:04:34]} dxe4 {[%emt 0:09:33]} 24. d5 {[%emt 0:01:05]} c5 {
[%emt 0:00:59]} 25. h5 {[%emt 0:00:27]} Rb6 {[%emt 0:01:35]} 26. hxg6 {[%emt 0:
00:11]} hxg6 {[%emt 0:00:03]} 27. Bg5 {[%emt 0:01:00]} Be5 {[%emt 0:01:47]} 28.
Rad1 {[%emt 0:00:02]} Rxb3 {[%emt 0:01:48]} 29. d6 {[%emt 0:00:44]} Rd3 {
[%emt 0:00:04]} 30. d7 {[%emt 0:00:17]} Bc7 {[%emt 0:00:32]} 31. b3 {[%emt 0:
01:10]} b5 {[%emt 0:00:55]} 32. Be7 {[%emt 0:00:20]} c4 {[%emt 0:01:34]} 33.
bxc4 {[%emt 0:00:12]} bxc4 {[%emt 0:00:01]} 34. Rc1 {[%emt 0:01:18]} Rxd7 {
[%emt 0:00:34]} 35. Ba3 {[%emt 0:00:52]} Be5 {[%emt 0:02:30]} 36. Rxc4 {
[%emt 0:00:10]} a4 {[%emt 0:00:15]} 37. Rc6 {[%emt 0:00:54]} Rd3 {[%emt 0:01:
33]} 38. Bc5 {[%emt 0:00:44]} a3 {[%emt 0:00:50]} 39. Rxg6+ {[%emt 0:00:28]}
Kf7 {[%emt 0:00:04]} 40. Rg5 {[%emt 0:00:00]} a2 {[%emt 0:01:49]} 41. Rxf5+ {
[%emt 0:11:44]} Ke6 {[%emt 0:02:29]} 42. Rxe5+ {[%emt 0:01:47]} Kxe5 {[%emt 0:
02:31]} 43. Bd4+ {[%emt 0:00:05]} Rxd4 {[%emt 0:03:02]} 0-1

[Event "Tata Steel-A 79th"]
[Site "Wijk aan Zee"]
[Date "2017.01.22"]
[Round "8"]
[White "Karjakin, Sergey"]
[Black "So, Wesley"]
[Result "1/2-1/2"]
[WhiteElo "2785"]
[BlackElo "2808"]
[PlyCount "44"]
[EventDate "2017.01.14"]
[EventType "tourn"]
[EventRounds "13"]
[EventCountry "NED"]
[EventCategory "21"]
[SourceTitle "CBM 177"]
[Source "ChessBase"]
[SourceDate "2017.03.16"]
[SourceVersion "1"]
[SourceVersionDate "2017.03.16"]
[SourceQuality "1"]
[TimeControl "40/6000+30:20/3000+30:900+30"]

1. Nf3 {[%emt 0:00:00]} d5 {[%emt 0:00:24]} 2. e3 {[%emt 0:00:00]} Nf6 {
[%emt 0:00:59]} 3. c4 {[%emt 0:00:00]} e6 {[%emt 0:01:33]} 4. b3 {[%emt 0:00:
03]} b6 {[%emt 0:00:05]} 5. Bb2 {[%emt 0:01:31]} Bb7 {[%emt 0:00:12]} 6. Nc3 {
[%emt 0:02:16]} (6. cxd5 exd5 7. Nc3 Nbd7 8. d4 a6 9. Bd3 Bd6 10. O-O O-O 11.
Rc1 Ne4 12. Rc2 Qe7 13. Qc1 Ndf6 14. Ne2 c5 15. Ng3 Nxg3 16. hxg3 Ne4 17. dxc5
bxc5 18. Bxe4 dxe4 19. Nd2 Rad8 20. Nc4 Bc7 21. Ba3 Rd5 22. Nb2 Bd6 23. Rd1 Rh5
24. Nc4 Bc7 25. Nd2 Bd6 26. Nc4 Bc7 27. Nb2 Bd6 28. Qd2 Rh6 29. Qe2 Rc8 30.
Rcd2 a5 31. Nc4 Ba6 32. Qg4 Rg6 33. Nxd6 {1-0 (33) Karjakin,S (2785)-Fressinet,
L (2672) Doha 2016}) 6... a6 {[%emt 0:05:44]} 7. cxd5 {[%emt 0:06:07]} exd5 {
[%emt 0:01:18]} 8. d4 {[%emt 0:00:22]} Bd6 {[%emt 0:01:08]} 9. g3 {[%emt 0:00:
33]} O-O {[%emt 0:05:10]} 10. Bg2 {[%emt 0:00:34]} Nbd7 {[%emt 0:00:11]} 11.
O-O {[%emt 0:00:09]} Qe7 $146 {[%emt 0:00:04]} (11... Re8 12. Rc1 Ne4 13. Rc2
Ndf6 14. Qc1 Ng4 15. Ba3 Rc8 16. Na4 a5 17. h3 Ngf6 18. Rd1 Bb4 19. Ne5 c5 20.
Bb2 c4 21. bxc4 dxc4 22. Nxc4 b5 23. Nc5 bxc4 24. Nxb7 Qe7 25. Nc5 c3 26. Ba1
Bxc5 27. dxc5 Qxc5 28. Rd4 Rc7 29. Kh2 Qf5 30. g4 Qe5+ 31. f4 Qb5 32. g5 Nxg5
33. fxg5 Qxg5 34. Rxc3 Rce7 35. Rc5 Qh6 36. Rc8 Rxe3 37. Rxe8+ Nxe8 38. Re4
Rxe4 39. Qxh6 gxh6 40. Bxe4 Nd6 41. Bd3 {Salem,A (2608)-Osmanodja,F (2318)
Warsaw 2016 1-0}) 12. a4 {[%emt 0:12:13]} Ne4 {[%emt 0:11:03]} 13. Ne2 {
[%emt 0:07:06]} a5 {[%emt 0:09:23]} 14. Nf4 {[%emt 0:01:20]} Rac8 {[%emt 0:00:
56]} 15. Re1 {[%emt 0:11:28]} Bb4 {[%emt 0:09:47]} 16. Re2 {[%emt 0:00:45]} Nc3
{[%emt 0:00:10]} 17. Bxc3 {[%emt 0:00:08]} Bxc3 {[%emt 0:00:03]} 18. Rc1 {
[%emt 0:00:06]} Bb4 {[%emt 0:00:03]} 19. Rec2 {[%emt 0:02:46]} c6 {[%emt 0:12:
13]} 20. Nd3 {[%emt 0:04:41]} Bd6 {[%emt 0:01:04]} 21. Qd2 {[%emt 0:04:15]} g6
{[%emt 0:03:17]} 22. Qc3 {[%emt 0:03:25]} Rfe8 1/2-1/2

[Event "Tata Steel-A 79th"]
[Site "Wijk aan Zee"]
[Date "2017.01.24"]
[Round "9"]
[White "So, Wesley"]
[Black "Aronian, Levon"]
[Result "1/2-1/2"]
[WhiteElo "2808"]
[BlackElo "2780"]
[PlyCount "76"]
[EventDate "2017.01.14"]
[EventType "tourn"]
[EventRounds "13"]
[EventCountry "NED"]
[EventCategory "21"]
[SourceTitle "CBM 177"]
[Source "ChessBase"]
[SourceDate "2017.03.16"]
[SourceVersion "1"]
[SourceVersionDate "2017.03.16"]
[SourceQuality "1"]
[TimeControl "40/6000+30:20/3000+30:900+30"]

1. Nf3 {[%emt 0:00:00]} d5 {[%emt 0:00:09]} 2. d4 {[%emt 0:00:00]} Nf6 {
[%emt 0:00:07]} 3. c4 {[%emt 0:00:00]} e6 {[%emt 0:00:10]} 4. Nc3 {[%emt 0:00:
00]} Bb4 {[%emt 0:00:05]} 5. Bg5 {[%emt 0:02:30]} dxc4 {[%emt 0:00:07]} 6. e4 {
[%emt 0:01:58]} c5 {[%emt 0:00:05]} 7. Bxc4 {[%emt 0:03:50]} cxd4 {[%emt 0:00:
15]} 8. Nxd4 {[%emt 0:00:08]} Bxc3+ {[%emt 0:00:06]} 9. bxc3 {[%emt 0:00:05]}
Qa5 {[%emt 0:00:06]} 10. Bb5+ {[%emt 0:00:22]} Nbd7 {[%emt 0:00:07]} 11. Bxf6 {
[%emt 0:07:20]} Qxc3+ {[%emt 0:00:20]} 12. Kf1 {[%emt 0:00:08]} gxf6 {[%emt 0:
00:05]} 13. h4 {[%emt 0:15:34]} Qb4 {[%emt 0:00:05]} 14. Rh3 {[%emt 0:08:38]}
a6 {[%emt 0:00:21]} 15. Be2 {[%emt 0:02:51]} Ne5 {[%emt 0:00:05]} 16. Rb1 {
[%emt 0:08:02]} Qd6 {[%emt 0:00:32]} 17. Qd2 {[%emt 0:06:53]} Bd7 {[%emt 0:03:
15]} 18. Rxb7 {[%emt 0:03:42]} Bb5 {[%emt 0:04:58]} 19. Rc3 $146 {[%emt 0:06:
50]} (19. Rb3 Rc8 20. Bxb5+ axb5 21. Qb4 Qxb4 22. Rxb4 O-O 23. R7xb5 Rfd8 24.
Ke2 Kg7 25. Ra4 Ra8 26. Rbb4 Rdb8 27. Nb3 Rxb4 28. Rxb4 Rxa2+ 29. Nd2 Kg6 30.
g3 h5 31. Rd4 f5 32. exf5+ Kxf5 33. Rf4+ Kg6 34. Rd4 Kf5 35. Rf4+ Kg6 36. Rd4 {
1/2-1/2 (36) Giri,A (2773)-Aronian,L (2780) Stavanger 2015}) 19... Rd8 {
[%emt 0:08:40]} 20. Nf3 {[%emt 0:10:03]} Qxd2 {[%emt 0:03:58]} 21. Bxb5+ {
[%emt 0:00:07]} axb5 {[%emt 0:01:33]} 22. Nxd2 {[%emt 0:00:08]} O-O {[%emt 0:
00:12]} 23. Nf3 {[%emt 0:03:54]} Nxf3 {[%emt 0:00:49]} 24. Rxf3 {[%emt 0:00:30]
} Rb8 {[%emt 0:00:30]} 25. Rg3+ {[%emt 0:06:41]} Kh8 {[%emt 0:00:39]} 26. Rxb8
{[%emt 0:03:21]} Rxb8 {[%emt 0:01:06]} 27. Rb3 {[%emt 0:00:03]} Ra8 {[%emt 0:
06:22]} 28. Rxb5 {[%emt 0:01:50]} Rxa2 {[%emt 0:00:17]} 29. Rb4 {[%emt 0:00:05]
} Kg7 {[%emt 0:00:09]} 30. g3 {[%emt 0:00:04]} Ra5 {[%emt 0:00:12]} 31. Kg2 {
[%emt 0:00:06]} f5 {[%emt 0:00:05]} 32. exf5 {[%emt 0:00:03]} Rxf5 {[%emt 0:00:
06]} 33. g4 {[%emt 0:00:04]} Ra5 {[%emt 0:00:16]} 34. Kg3 {[%emt 0:00:09]} h6 {
[%emt 0:00:18]} 35. Rc4 {[%emt 0:00:04]} Rb5 {[%emt 0:00:24]} 36. Rd4 {[%emt 0:
00:04]} Ra5 {[%emt 0:00:06]} 37. Rc4 {[%emt 0:00:02]} Rb5 {[%emt 0:00:04]} 38.
Rd4 {[%emt 0:00:04]} Ra5 {[%emt 0:00:06]} 1/2-1/2

[Event "Tata Steel-A 79th"]
[Site "Wijk aan Zee"]
[Date "2017.01.27"]
[Round "11"]
[White "Andreikin, Dmitry"]
[Black "So, Wesley"]
[Result "1/2-1/2"]
[WhiteElo "2736"]
[BlackElo "2808"]
[PlyCount "49"]
[EventDate "2017.01.14"]
[EventType "tourn"]
[EventRounds "13"]
[EventCountry "NED"]
[EventCategory "21"]
[SourceTitle "CBM 177"]
[Source "ChessBase"]
[SourceDate "2017.03.16"]
[SourceVersion "1"]
[SourceVersionDate "2017.03.16"]
[SourceQuality "1"]
[TimeControl "40/6000+30:20/3000+30:900+30"]

1. e4 {[%emt 0:00:07]} e5 {[%emt 0:00:18]} 2. Nf3 {[%emt 0:00:32]} Nc6 {
[%emt 0:00:07]} 3. Bb5 {[%emt 0:00:10]} Nf6 {[%emt 0:00:15]} 4. O-O {[%emt 0:
00:23]} Nxe4 {[%emt 0:00:22]} 5. Re1 {[%emt 0:00:16]} Nd6 {[%emt 0:01:46]} 6.
Nxe5 {[%emt 0:02:06]} Be7 {[%emt 0:00:06]} 7. Bf1 {[%emt 0:00:15]} Nxe5 {
[%emt 0:01:19]} 8. Rxe5 {[%emt 0:00:09]} O-O {[%emt 0:00:05]} 9. d4 {[%emt 0:
00:13]} Bf6 {[%emt 0:00:45]} 10. Re1 {[%emt 0:00:07]} Re8 {[%emt 0:00:12]} 11.
Bf4 {[%emt 0:00:09]} Rxe1 {[%emt 0:00:33]} 12. Qxe1 {[%emt 0:00:07]} Ne8 {
[%emt 0:00:16]} 13. c3 {[%emt 0:00:08]} d5 {[%emt 0:01:07]} 14. Bd3 {[%emt 0:
00:06]} g6 {[%emt 0:04:23]} 15. Nd2 {[%emt 0:00:27]} Ng7 {[%emt 0:00:09]} 16.
Qe2 {[%emt 0:06:06]} c6 {[%emt 0:03:38]} 17. Re1 {[%emt 0:00:15]} Bf5 {[%emt 0:
01:26]} 18. Bxf5 {[%emt 0:00:24]} Nxf5 {[%emt 0:00:07]} 19. Nf3 {[%emt 0:00:11]
} Ng7 {[%emt 0:04:25]} 20. Be5 {[%emt 0:10:18]} Bxe5 {[%emt 0:00:25]} 21. Nxe5
{[%emt 0:03:02]} Qd6 {[%emt 0:04:21]} 22. Qf3 {[%emt 0:00:29]} f6 {[%emt 0:01:
35]} 23. Nd3 {[%emt 0:01:52]} Re8 {[%emt 0:00:20]} 24. Rxe8+ {[%emt 0:00:10]}
Nxe8 {[%emt 0:00:03]} 25. h4 {[%emt 0:00:08]} 1/2-1/2

[Event "Tata Steel-A 79th"]
[Site "Wijk aan Zee"]
[Date "2017.01.28"]
[Round "12"]
[White "So, Wesley"]
[Black "Wei, Yi"]
[Result "1/2-1/2"]
[WhiteElo "2808"]
[BlackElo "2706"]
[PlyCount "63"]
[EventDate "2017.01.14"]
[EventType "tourn"]
[EventRounds "13"]
[EventCountry "NED"]
[EventCategory "21"]
[SourceTitle "CBM 177"]
[Source "ChessBase"]
[SourceDate "2017.03.16"]
[SourceVersion "1"]
[SourceVersionDate "2017.03.16"]
[SourceQuality "1"]
[TimeControl "40/6000+30:20/3000+30:900+30"]

1. Nf3 {[%emt 0:00:00]} d5 {[%emt 0:00:08]} 2. d4 {[%emt 0:00:05]} Nf6 {
[%emt 0:00:07]} 3. c4 {[%emt 0:00:05]} e6 {[%emt 0:00:04]} 4. Nc3 {[%emt 0:00:
08]} c5 {[%emt 0:00:17]} 5. cxd5 {[%emt 0:00:33]} cxd4 {[%emt 0:00:27]} 6. Qxd4
{[%emt 0:00:32]} exd5 {[%emt 0:00:06]} 7. e4 {[%emt 0:00:14]} Nc6 {[%emt 0:00:
06]} 8. Bb5 {[%emt 0:00:10]} dxe4 {[%emt 0:00:09]} 9. Qxd8+ {[%emt 0:05:40]}
Kxd8 {[%emt 0:00:05]} 10. Ng5 {[%emt 0:00:05]} Be6 {[%emt 0:00:07]} 11. Bxc6 {
[%emt 0:00:04]} (11. O-O Bb4 12. Ncxe4 Nxe4 13. Nxe4 Ke7 14. Be3 Rhd8 15. Bxc6
bxc6 16. Rfc1 Bd5 17. Bc5+ Bxc5 18. Nxc5 Rab8 19. Rc2 Bxa2 20. h3 Be6 21. Rxa7+
Kf6 22. Nxe6 fxe6 23. Rxc6 Rxb2 24. Rcc7 Rg8 25. h4 Rb5 26. g3 Kg6 27. Ra6 Kf6
28. Kg2 Rbb8 29. g4 Rbc8 30. g5+ Kf5 31. Re7 Rce8 32. Rea7 Kg4 33. Ra4+ Kh5 34.
Kg3 Ref8 35. Re7 Rf5 36. Rxe6 Rgf8 37. f4 Rb5 38. Ra3 Rb1 39. Re7 Rg1+ 40. Kh2
Rg4 {Mamedyarov,S (2768)-Wei,Y (2707) Doha 2016 1/2-1/2}) 11... bxc6 {[%emt 0:
00:06]} 12. Nxe6+ {[%emt 0:00:05]} fxe6 {[%emt 0:00:04]} 13. Ke2 {[%emt 0:00:
07]} Bb4 {[%emt 0:03:03]} 14. Na4 {[%emt 0:03:27]} Kc7 {[%emt 0:00:37]} 15.
Bf4+ $146 {[%emt 0:16:15]} (15. Rd1 Rhd8 16. Bf4+ Kb7 17. Rac1 a5 18. Rxd8 Rxd8
19. Rc4 Rd5 20. Be3 Rb5 21. h3 Kc7 22. b3 Rd5 23. Bf4+ Kb7 24. Bg3 {1/2-1/2 
(24) Lysyj,I (2691)-Wang,Y (2726) China 2015}) 15... Bd6 {[%emt 0:00:13]} 16.
Be3 {[%emt 0:02:58]} Nd5 {[%emt 0:45:49]} 17. Rac1 {[%emt 0:03:17]} Rhf8 {
[%emt 0:03:48]} 18. Nc5 {[%emt 0:14:34]} Bxc5 {[%emt 0:02:14]} 19. Rxc5 {
[%emt 0:00:14]} Nf4+ {[%emt 0:07:04]} 20. Bxf4+ {[%emt 0:11:18]} Rxf4 {[%emt 0:
00:03]} 21. Ke3 {[%emt 0:07:33]} Raf8 {[%emt 0:00:24]} 22. Rc2 {[%emt 0:00:06]}
Rg4 {[%emt 0:01:06]} 23. g3 {[%emt 0:00:17]} Rf3+ {[%emt 0:02:46]} 24. Ke2 {
[%emt 0:00:52]} Rg6 {[%emt 0:00:40]} 25. Rhc1 {[%emt 0:01:39]} Rgf6 {[%emt 0:
02:08]} 26. Rxc6+ {[%emt 0:00:06]} Kd7 {[%emt 0:00:48]} 27. Rc7+ {[%emt 0:06:
45]} Kd6 {[%emt 0:00:06]} 28. R1c6+ {[%emt 0:00:38]} Kd5 {[%emt 0:00:06]} 29.
Rc5+ {[%emt 0:00:11]} Kd6 {[%emt 0:00:17]} 30. R7c6+ {[%emt 0:00:04]} Kd7 {
[%emt 0:00:04]} 31. Rc7+ {[%emt 0:00:02]} Kd6 {[%emt 0:00:05]} 32. R7c6+ {
[%emt 0:00:04]} 1/2-1/2

[Event "PRO League KO Stage"]
[Site "Chess.com INT"]
[Date "2017.03.15"]
[Round "3"]
[White "Durarbayli, Vasif"]
[Black "So, Wesley"]
[Result "0-1"]
[WhiteElo "2627"]
[BlackElo "2822"]
[PlyCount "42"]
[EventDate "2017.03.01"]
[EventType "team-k.o."]
[EventRounds "5"]
[EventCountry "USA"]
[SourceTitle "CBM 177 Extra"]
[Source "ChessBase"]
[SourceDate "2017.04.27"]
[SourceVersion "1"]
[SourceVersionDate "2017.04.27"]
[SourceQuality "1"]
[WhiteTeam "Webster Windmills"]
[BlackTeam "St Louis Arch Bishops"]
[WhiteTeamCountry "USA"]
[BlackTeamCountry "USA"]

1. e4 e5 2. Nf3 Nc6 3. c3 d5 4. Qa4 f6 5. Bb5 Nge7 6. exd5 Qxd5 7. O-O Bd7 8.
d4 a6 9. c4 Qd6 10. dxe5 fxe5 11. Rd1 Qe6 12. Nc3 Rc8 13. Ng5 Qg4 14. h3 axb5
15. Qxb5 Qf5 16. Qxb7 Nd4 17. Nb5 Bc6 18. Qa6 Nxb5 19. cxb5 Ra8 20. g4 Qc2 21.
Rd2 Qg6 0-1